Language Quiz

Random Language or Sporcle Quiz
Score 0/15 Timer 04:00
0 Plays Today
% Correct
German
98.5%
French
98.2%
Spanish
87.8%
English
85.5%
Chinese (Simplified)
85.4%
Arabic
85.3%
Italian
82.9%
Russian
81.7%
% Correct
Greek
81.6%
Dutch
81.3%
Portuguese
80.3%
Norwegian
56.9%
Hindi
56.3%
Turkish
45%
Serbian
30.8%
Remove Ads.
Support Sporcle.
Get the best of Sporcle when you Go Orange. This ad-free experience offers more features, more stats, and more fun while also helping to support Sporcle. Thank you for becoming a member.

You're not logged in!

Compare scores with friends on all Sporcle quizzes.
OR
Log In

Show Comments

Extras

Top Quizzes Today


Score Distribution

Your Account Isn't Verified!

In order to create a playlist on Sporcle, you need to verify the email address you used during registration. Go to your Sporcle Settings to finish the process.

Report this User

Report this user for behavior that violates our Community Guidelines.

Details: